Comunidades Autónomas - Estadísticas

Estadísticas generales
  • Esta prueba ha sido intentada 84 veces
  • La puntuación promedio es 15 de 17
Estadísticas de respuestas
Capital Comunidad % Correcto
Sevilla Andalucia
97%
Barcelona Cataluña
96%
Palma de Mallorca Islas Baleares
96%
No declarada (de facto, Toledo) Castilla-La Mancha
93%
No declarada (de facto, Valladolid) Castilla y León
93%
Madrid Comunidad de Madrid
92%
Valencia Comunidad Valenciana
92%
Santiago de Compostela Galicia
90%
Oviedo Principado de Asturias
89%
Zaragoza Aragón
86%
Las Palmas de Gran Canaria; Santa Cruz de Tenerife Canarias
86%
No declarada (de facto, Vitoria) País Vasco
86%
Murcia Región de Murcia
86%
Mérida Extremadura
85%
Santander Cantabria
83%
Pamplona Comunidad Foral de Navarra
82%
Logroño La Rioja
80%
No se encontraron pruebas coincidentes
Distribución de puntuación
Porcentaje de gente con cada puntuación
Porcentaje por número respondido
Historial de tus puntuaciones
No has intentado esta prueba.